000 01660nam a22004457a 4500
001 000102906
003 CHAP
005 20220817044358.0
008 101005s2009 mx r 00010 spa d
010 _a99369
011 _a100341
035 _a111027
040 _cCHAP
090 _aTesis
100 1 _aSolorio Alvarado, Laura
_9108507
245 1 0 _aMarco legal ambiental aplicable a la construcción de líneas de transmisión de energía eléctrica /
_c/por Laura Solorio Alvarado.
260 _aChapingo, Méx. :
_bEl autor,
_c2009.
300 _axi, 74 h. :
_bilus.
502 _aTesis (Ing. Agr. Esp. en Bosques) -- UACH. División de Ciencias Forestales
530 _aTambièn disponible en lìnea
590 _aALEPH
_b10
_c20130110
_lUCH01
_h1536
590 _aBATCH-UPD
_b10
_c20130110
_lUCH01
_h1200
590 _aBATCH-UPD
_b10
_c20130410
_lUCH01
_h0742
590 _aBATCH-UPD
_b10
_c20130914
_lUCH01
_h1200
590 _aBATCH-UPD
_b10
_c20140324
_lUCH01
_h1519
590 _aBATCH-UPD
_b10
_c20141002
_lUCH01
_h0845
590 _aCONVERSION
_b10
_c20130109
_lUCH01
_h1355
590 _aE11695DGD
_b10
_c20141006
_lUCH01
_h1059
650 1 4 _aDesarrollo sustentable.
650 1 4 _aEnergía eléctrica.
_936901
650 1 4 _aLíneas eléctricas.
_967486
650 1 4 _aMedio ambiente
_xConservación.
_974068
650 1 4 _aMedio ambiente
_xLeyes.
_974098
856 _3Finding aid
_uhttp://10.13.5.2/tesis/111027.pdf
_zTeclea aquí
901 _aBK
942 _cFOLL
942 _n0
949 _aTesis
_bBC
_cTES
_d33724002108470
_eTS2
_fc.2
_gDonaciØn
_h51114
_i111027
_sb
949 _aTesis
_bBC
_cTES
_d33724002108637
_eTS1
_gDonaciØn
_h51113
_i111027
_sb
999 _c99369
_d99369